[Event "Romanian Team Rapid Open 2022"]
[Site "Sebes"]
[Date "2022.12.03"]
[Round "3.26"]
[White "Craciun, Ovidiu"]
[Black "Nagy-Elek, Tamas"]
[Result "*"]
[WhiteElo "1857"]
[BlackElo "1976"]
[Annotator "TA"]
[PlyCount "83"]
[EventDate "2022.12.03"]
[EventType "rapid"]
[EventCountry "ROU"]
[SourceTitle "playchess.com"]
[Source "ChessBase"]
[SourceQuality "1"]

{[%evp 9,67,37,38,33,61,29,36,43,82,96,93,83,92,64,64,71,65,74,67,61,89,89,179,54,46,34,27,26,27,26,73,29,33,28,35,14,37,0,0,0,0,0,0,0,0,0,0,0,0,0,0,0,0,0,0,0,0,0,0,-171]} 1. e4 d6 2. d4 Nf6 3. Nc3 g6 4. Be3 c6 5. a4 Nbd7 6. h3 {B07: Pirc Defence: Miscellaneous Systems.} e5 7. Nf3 Bg7 8. dxe5 {White is slightly better.} Nxe5 9. Nxe5 dxe5 10. Qxd8+ Kxd8 11. O-O-O+ (11. Bc4 {simplifies} Be6 12. Bxe6 fxe6 13. f3) 11... Kc7 12. Bc4 {White has more active pieces. The black rooks are badly placed.} Be6 13. Bxe6 fxe6 14. Rd2 a5 15. Rhd1 h6 (15... Bf8 $16) 16. Bc5 (16. f4 $18 exf4 17. Bxf4+ Kc8 18. Kb1) 16... Bf8 $1 $14 17. Bd6+ (17. Bxf8 {simplifies} Rhxf8 18. f3 Rfd8 19. Rxd8 Rxd8 20. Rxd8 Kxd8 21. Nb1) 17... Bxd6 18. Rxd6 Rhe8 19. R6d3 Rad8 (19... Red8 $11) 20. Rxd8 Rxd8 21. Rxd8 Kxd8 $16 {[%mdl 4096] Endgame KN-KN} 22. Kd2 Ke7 23. Ke3 Kd6 {The position is equal.} 24. Nb1 Kc5 25. c3 b5 26. axb5 cxb5 27. Nd2 a4 28. Kd3 Nh5 {[#] ...Nf4+ is the strong threat.} 29. g3 {Against Nf4+} Nf6 30. Nf3 Nd7 31. Nh4 Nf8 32. Ng2 b4 33. Ne3 Nd7 34. Kc2 $2 {[#]   Weighted Error Value: White=0.14 (very precise) /Black=0.13 (very precise)} (34. Nc4 $11 {and White stays safe.}) {Predecessor:} 34... Nf6 $146 35. Ng4 Nxg4 36. hxg4 Kc4 37. cxb4 Kxb4 38. f4 exf4 39. gxf4 Kc4 40. f5 exf5 41. exf5 gxf5 42. gxf5 {0-1 (48) Nagy Elek,T (1979)-Arion,I (1924) Sebes 2022} *

[Event "Romanian Team Rapid Open 2022"]
[Site "Sebes"]
[Date "2022.12.03"]
[Round "3.27"]
[White "Craciun, Ovidiu"]
[Black "Duma, Ioan-Gheorghe"]
[Result "1/2-1/2"]
[WhiteElo "1857"]
[BlackElo "1782"]
[Annotator "NA COMBH"]
[PlyCount "131"]
[EventDate "2022.12.03"]
[EventType "rapid"]
[EventCountry "ROU"]
[SourceTitle "playchess.com"]
[Source "ChessBase"]
[SourceQuality "1"]

1. e4 e5 2. Nf3 Nc6 3. d4 exd4 4. Nxd4 Bc5 5. c3 d6 6. Bb5 Bd7 7. O-O Nf6 8. Re1 O-O 9. Bg5 h6 10. Bh4 Re8 11. Bxc6 bxc6 12. Nd2 g5 13. Bg3 Bg4 14. Qa4 Bd7 15. Qc4 a5 16. b4 axb4 17. cxb4 Bxd4 18. Qxd4 Nh5 19. Nb3 Nxg3 20. hxg3 Re5 21. f3 Be6 22. Na5 c5 23. Qd3 Qe8 24. f4 gxf4 25. gxf4 Rh5 26. f5 Bd7 27. Nb3 Bb5 28. Qf3 Rg5 29. bxc5 Qe5 30. cxd6 cxd6 31. Qf2 Rh5 32. g3 Rg5 33. Kh2 Kh7 34. Nd4 Rh5+ 35. Kg2 Rg8 36. Rad1 Be8 37. Nf3 Qf6 38. Rh1 Rxh1 39. Rxh1 d5 40. exd5 Qxf5 41. Nh4 Qxd5+ 42. Kh2 Bc6 43. Rg1 Ra8 44. Qc2+ Kg8 45. Rg2 Qe4 46. Qxe4 Bxe4 47. Rf2 Bd5 48. Nf5 Kh7 49. Kg1 Bxa2 50. Nd6 Kg6 51. Ne4 Bd5 52. Rf6+ Kg7 53. Rf4 Ra1+ 54. Kf2 Ra2+ 55. Ke3 Ra3+ 56. Kf2 Bxe4 57. Rxe4 f5 58. Re6 h5 59. Kg2 Ra4 60. Rb6 h4 61. gxh4 Rxh4 62. Kg3 Rg4+ 63. Kf3 Ra4 64. Rc6 Kf7 65. Rb6 Re4 66. Rc6 1/2-1/2

[Event "Romanian Team Rapid Open 2022"]
[Site "Sebes"]
[Date "2022.12.03"]
[Round "3.27"]
[White "Duma, Ioan-Gheorghe"]
[Black "Jiros, Doru"]
[Result "*"]
[WhiteElo "1782"]
[BlackElo "1936"]
[Annotator "TA"]
[PlyCount "52"]
[EventDate "2022.12.03"]
[EventType "rapid"]
[EventCountry "ROU"]
[SourceTitle "playchess.com"]
[Source "ChessBase"]
[SourceQuality "1"]

{[%evp 9,39,-64,0,-10,8,7,38,17,8,0,22,29,15,7,34,35,31,46,66,62,59,47,46,-23,-29,-34,30,31,36,0,6,5]} 1. e4 e5 2. Nf3 Nc6 3. d4 exd4 4. Nxd4 Bc5 5. c3 d6 (5... Nf6 $15) 6. Bb5 {C45: Scotch Game.} Bd7 7. O-O Nf6 8. Re1 {White is slightly better.} O-O 9. Bg5 {[%cal Bc1g5,Bg5h4,Bh4g3][%mdl 32]} h6 10. Bh4 Re8 11. Bxc6 bxc6 12. Nd2 g5 13. Bg3 Bg4 14. Qa4 Bd7 15. Qc4 (15. e5 {seems wilder.} Nh5 16. Ne4 Bxd4 17. cxd4 f5 18. exf6 Nxf6 19. Nxf6+ Qxf6 20. Rxe8+ Bxe8 21. Re1) 15... a5 16. b4 (16. e5 $14 Bxd4 17. Qxd4 (17. cxd4 dxe5 18. dxe5 Nd5 $14)) 16... axb4 $11 17. cxb4 {[#]} Bxd4 (17... Bxb4 $1 $15 18. Qxb4 c5) 18. Qxd4 Nh5 19. Nb3 (19. a4 $5 {[%cal Ra4a5]}) 19... Nxg3 20. hxg3 {[#]   Weighted Error Value: White=0.16 (very precise) /Black=0.16 (very precise)} {Predecessor:} Re5 $146 21. f3 Be6 22. Na5 c5 23. Qd3 Qe8 24. f4 gxf4 25. gxf4 Rh5 26. f5 Bd7 {½-½ (66) Craciun,O (1857)-Duma,I (1782) Sebes 2022} *

[Event "Romanian Team Rapid Open 2022"]
[Site "Sebes"]
[Date "2022.12.03"]
[Round "3.28"]
[White "Badau, Iancu-Daniel"]
[Black "Zaim, Marian"]
[Result "*"]
[WhiteElo "1792"]
[BlackElo "1935"]
[Annotator "TA"]
[PlyCount "50"]
[EventDate "2022.12.03"]
[EventType "rapid"]
[EventCountry "ROU"]
[SourceTitle "playchess.com"]
[Source "ChessBase"]
[SourceQuality "1"]

{[%evp 13,37,26,51,-8,-43,-120,-136,-101,-60,-62,-27,-71,-80,-176,-72,-103,-45,-110,-43,-38,-45,-29,-34,-32,-30,-63]} 1. e4 d6 2. d4 Nf6 3. Nc3 g6 4. Be3 Bg7 5. Qd2 c6 6. O-O-O b5 {[%cal Bb7b5,Bb5b4][%mdl 32]} 7. f3 Nbd7 8. e5 {B07: Pirc Defence: Miscellaneous Systems.} (8. g4 $14) 8... b4 $1 $11 9. Na4 (9. exf6 $15 bxc3 10. Qxc3 (10. fxg7 $2 cxd2+ 11. Bxd2 Rg8 $19) 10... Nxf6 11. Qxc6+ Bd7 12. Qa6) 9... Nd5 $17 ({Stronger than} 9... dxe5 10. Bc4 (10. dxe5 Nd5 $17) 10... Nd5 11. Bxd5 cxd5 12. dxe5) 10. Bc4 {Black is clearly better.} Nxe3 11. Qxe3 d5 {Prevents h4.} ({But not} 11... dxe5 12. dxe5 e6 13. f4 $11) 12. Be2 Qa5 13. Qb3 (13. b3 $17) 13... e6 (13... Nb6 $1 $19 {[%cal Rb6a4] has better winning chances.} 14. Nxb6 axb6) 14. f4 c5 ({Black should play} 14... Bf8 $17) 15. dxc5 {[#]} (15. Nxc5 $15 Nxc5 16. dxc5) 15... Nxc5 (15... Nxe5 $1 $17 {[%mdl 512] aiming for ...Nc6.} 16. fxe5 Bd7) 16. Nxc5 $15 Qxc5 17. Nf3 a5 18. Nd4 Bd7 19. Qd3 {[#]   Weighted Error Value: White=0.45/Black=0.29 (precise)} {Predecessor:} O-O $146 20. h4 a4 21. Kb1 Rab8 22. h5 a3 23. hxg6 fxg6 24. Qh3 Rfe8 25. Qxh7+ Kf7 {1-0 (35) Stefan,I (1662)-Chiheri,A (1937) Sebes 2022} *

[Event "Romanian Team Rapid Open 2022"]
[Site "Sebes"]
[Date "2022.12.03"]
[Round "3.28"]
[White "Stefan, Iulia-Cristiana"]
[Black "Chiheri, Alexandru-Virgil"]
[Result "0-1"]
[WhiteElo "1662"]
[BlackElo "1937"]
[Annotator "TA"]
[PlyCount "69"]
[EventDate "2022.12.03"]
[EventType "rapid"]
[EventCountry "ROU"]
[SourceTitle "playchess.com"]
[Source "ChessBase"]
[SourceQuality "1"]

{[%evp 13,69,33,51,-47,-50,-105,-108,-105,-78,-58,-32,-65,-72,-160,-65,-82,-51,-115,-55,-45,-51,-64,-52,-60,-57,-79,-28,-26,0,-51,0,0,14,0,75,141,749,723,1156,972,1391,885,1039,1015,29998,29981,29981,29982,29981,29982,29981,29982,29991,29992,29992,29993,29993,29994]} 1. e4 d6 2. d4 Nf6 3. Nc3 g6 4. Be3 Bg7 5. Qd2 c6 6. O-O-O b5 {[%cal Bb7b5,Bb5b4][%mdl 32]} 7. f3 Nbd7 8. e5 {B07: Pirc Defence: Miscellaneous Systems.} (8. g4 $14) 8... b4 $1 $15 9. Na4 (9. Ne4 $15 dxe5 10. Nxf6+ (10. Qxb4 $2 Nd5 $17) 10... Nxf6 11. dxe5) 9... Nd5 $17 {[#] ...Qa5 is the strong threat.} 10. Bc4 $146 {Black is better.} ({Predecessor:} 10. exd6 Qa5 11. b3 Nc3 12. Re1 Nxa4 13. bxa4 e6 14. Bd3 O-O 15. Ne2 Qxa4 16. Kb1 {1-0 (36) Arovalo Mendoza,G-Perez Garcia,J Spain 1991}) 10... Nxe3 11. Qxe3 d5 {Inhibits h4.} ({Much less strong is} 11... dxe5 12. dxe5 e6 13. f4 $11) (11... Nb6 {looks sharper.} 12. Bb3 O-O 13. f4 Bg4) 12. Be2 Qa5 13. Qb3 (13. b3 $142) 13... e6 (13... Nb6 $1 $17 {[%cal Rb6a4]} 14. Nxb6 axb6) 14. f4 c5 15. dxc5 {[#]} (15. Nxc5 $15 Nxc5 16. dxc5) 15... Nxc5 (15... Nxe5 $1 $17 {[%mdl 512] Threatens to win with ...Nc6.} 16. fxe5 Bd7) 16. Nxc5 $15 Qxc5 17. Nf3 a5 18. Nd4 Bd7 19. Qd3 O-O (19... a4 $17) 20. h4 $11 a4 {[%cal Ob4b3]} 21. Kb1 (21. h5 $11) 21... Rab8 (21... a3 $15 22. b3 f6) 22. h5 a3 23. hxg6 fxg6 (23... hxg6 $11 {remains equal.} 24. b3 (24. Qh3 Rfc8 $11) 24... Rfc8) 24. Qh3 ({White should try} 24. Bg4 Qe7 25. Qh3) 24... Rfe8 {[%mdl 8192] Loses the game.} (24... Kf7 $16) 25. Qxh7+ $18 Kf7 {[#]} 26. Bd3 $1 Rg8 (26... Rh8 27. Qxg6+) 27. Qxg6+ Ke7 28. Rh7 {Intending Qf6+ and mate.} Qxd4 29. Rxg7+ {White mates.} Rxg7 30. Qxg7+ Kd8 31. Qf8+ Kc7 32. Qd6+ Kc8 33. Ba6+ Kd8 34. Qxb8+ Ke7 35. Rxd4 {[%mdl 32768] Weighted Error Value: White=0.28 (precise) /Black=0.44. Loss on time!?} 0-1

[Event "Romanian Team Rapid Open 2022"]
[Site "Sebes"]
[Date "2022.12.03"]
[Round "3.29"]
[White "Neacsu, Mircea"]
[Black "Zaim, Marian"]
[Result "0-1"]
[WhiteElo "1901"]
[BlackElo "1935"]
[Annotator "TA"]
[PlyCount "94"]
[EventDate "2022.12.03"]
[EventType "rapid"]
[EventCountry "ROU"]
[SourceTitle "playchess.com"]
[Source "ChessBase"]
[SourceQuality "1"]

{[%evp 15,94,34,47,21,122,118,238,115,108,18,39,34,25,0,7,-9,-20,-9,-2,-62,-41,-50,-46,-55,-6,0,-12,-12,28,-23,-21,-29,-45,-52,0,0,0,-18,28,27,37,30,35,35,34,12,8,0,0,-238,-203,-631,-618,-799,-785,-1116,-488,-487,-472,-500,-462,-445,-445,-488,-332,-369,-349,-563,-541,-1096,-1111,-1038,-926,-1235,-1043,-29983,-29984,-29988,-29989,-29989,-2326]} 1. d4 Nf6 2. Nf3 g6 3. g3 Bg7 4. Bg2 O-O 5. O-O d6 6. c4 Nbd7 7. Nc3 c5 8. e3 a6 {[%cal Ob7b5]} 9. a4 {E65: King's Indian: Fianchetto: 6...c5 7 0-0 without d5 by White.} b6 {[#]} (9... e6 $11) 10. Ne5 $1 $16 {[#]} Qc7 $146 ({Predecessor:} 10... dxe5 11. Bxa8 exd4 12. exd4 cxd4 13. Qxd4 Qc7 14. Bf3 e5 15. Nd5 Nxd5 16. Qxd5 Nc5 {1-0 (30) Bodrogi,M (2082)-Bognar,B (1994) Budapest 2013}) 11. Bxa8 (11. Nxg6 $18 {has better winning chances.} hxg6 12. Bxa8) 11... dxe5 12. dxe5 (12. Bg2 $16) 12... Nxe5 $11 {[%cal Oc8g4]} 13. Bg2 {Qe2 is the strong threat.} Nxc4 14. Qe2 Na5 15. Nd5 (15. Bd2 {looks sharper.} Bg4 16. Qxa6 Nb3 17. Nb5) 15... Nxd5 16. Bxd5 c4 17. Qc2 (17. Rd1 $11) 17... Bf5 18. e4 Bh3 19. Bf4 e5 (19... Qc5 $15 20. Rfc1 Nb3 21. Qxc4 Qxc4 22. Bxc4 Nxa1 23. Rxa1 Bxb2) 20. Be3 Bxf1 21. Rxf1 Rc8 22. Qc3 ({Better is} 22. f4) 22... Nb3 23. Qb4 Nd4 {Threatens to win with ...Bf8.} 24. Kg2 Bf8 (24... b5 $15) 25. Qc3 Bg7 26. f4 Ne6 (26... b5 $142) 27. f5 gxf5 28. Rxf5 b5 29. axb5 axb5 30. Qb4 Qd7 31. Qc3 Rf8 {And now ...Nc7 would win.} 32. h4 $2 {[#] Black keeps a firm grip on the game.} (32. Qa5 $11 {and White stays safe.}) 32... Nc7 $1 $19 33. Bb7 (33. Qd2) 33... Rb8 34. Bd5 Nxd5 35. exd5 Qxd5+ (35... Qxf5 $142 36. Kh2 Qe4) 36. Kh2 b4 37. Qc1 Qe4 38. Rf2 Rc8 39. Bd2 Qd4 40. Be3 Qd3 {Hoping for ...c3.} 41. Bg5 $2 (41. Bh6 {was worth a try.} f6 42. Bxg7 Kxg7 43. Rd2) 41... c3 {aiming for ...b3.} 42. bxc3 Rxc3 43. Qg1 b3 44. Qg2 Rc2 45. Bd2 e4 {Black mates.} 46. Bg5 Rxf2 47. Qxf2 Qc2 {Weighted Error Value: White=0.92/Black=0.41} (47... b2 $142 48. Bh6 b1=Q 49. Bd2 Qbc2 50. Be3 Qxf2+ 51. Bxf2 e3 52. Kg1 exf2+ 53. Kxf2 Bd4+ 54. Kg2 Qe2+ 55. Kh3 h5 56. g4 hxg4+ 57. Kg3 Be5#) 0-1

[Event "Romanian Team Rapid Open 2022"]
[Site "Sebes"]
[Date "2022.12.03"]
[Round "3.29"]
[White "Tinta, Gheorghe"]
[Black "Neacsu, Mircea"]
[Result "*"]
[WhiteElo "1855"]
[BlackElo "1901"]
[Annotator "TA"]
[PlyCount "60"]
[EventDate "2022.12.03"]
[EventType "rapid"]
[EventCountry "ROU"]
[SourceTitle "playchess.com"]
[Source "ChessBase"]
[SourceQuality "1"]

{[%evp 15,47,37,45,22,129,111,231,129,124,36,48,41,45,9,7,-6,-6,-6,-18,-86,-60,-64,-65,-51,-2,-3,-3,-18,22,-27,-32,-25,-25,-27]} 1. d4 Nf6 2. Nf3 g6 3. g3 Bg7 4. Bg2 O-O 5. O-O d6 6. c4 Nbd7 7. Nc3 c5 8. e3 a6 {[%cal Ob7b5]} 9. a4 {E65: King's Indian: Fianchetto: 6...c5 7 0-0 without d5 by White.} b6 {[#]} (9... e6 $11 {keeps the balance.}) 10. Ne5 $1 $16 {White is more active.} Qc7 11. Bxa8 (11. Nxg6 $18 hxg6 12. Bxa8) 11... dxe5 12. dxe5 (12. a5 $16) 12... Nxe5 $14 {[%cal Oc8g4]} 13. Bg2 Nxc4 14. Qe2 Na5 15. Nd5 (15. Bd2 {feels hotter.} Bg4 16. Qxa6 Nb3 17. Nb5) 15... Nxd5 16. Bxd5 c4 17. Qc2 (17. Rd1 $11 {remains equal.}) 17... Bf5 18. e4 Bh3 {[%cal Oe7e6] [#] And now ...e6! would win.} 19. Bf4 {Inhibits e6.} e5 (19... Qc5 $15 20. Rfc1 Nb3) 20. Be3 $132 {[%cal Ob2b4][%mdl 2048] White has counterplay} Bxf1 21. Rxf1 Rc8 22. Qc3 (22. f4 {deserves consideration.}) 22... Nb3 23. Qb4 Nd4 {aiming for ...Bf8.} 24. Kg2 {[#]   Weighted Error Value: White=0.31/Black=0.28 (precise)} {Predecessor:} Bf8 $146 25. Qc3 Bg7 26. f4 Ne6 27. f5 gxf5 28. Rxf5 b5 29. axb5 axb5 30. Qb4 Qd7 {0-1 (47) Neacsu,M (1901)-Zaim,M (1935) Sebes 2022} *

[Event "Romanian Team Rapid Open 2022"]
[Site "Sebes"]
[Date "2022.12.03"]
[Round "3.30"]
[White "Tinta, Gheorghe"]
[Black "Denes, Attila-Norbert"]
[Result "0-1"]
[WhiteElo "1855"]
[BlackElo "1755"]
[Annotator "NA COMBH"]
[PlyCount "92"]
[EventDate "2022.12.03"]
[EventType "rapid"]
[EventCountry "ROU"]
[SourceTitle "playchess.com"]
[Source "ChessBase"]
[SourceQuality "1"]

1. d4 d5 2. Nf3 Nf6 3. g3 c6 4. Bg2 Bf5 5. O-O h6 6. c4 e6 7. cxd5 cxd5 8. Nc3 Nc6 9. a3 Bd6 10. b4 O-O 11. Nb5 Bb8 12. Bb2 Nd7 13. e3 Nb6 14. Nd2 Bd3 15. Nc3 Bxf1 16. Bxf1 a6 17. Rc1 Bd6 18. Bd3 Rc8 19. Bb1 Ne7 20. Qc2 Ng6 21. h4 f5 22. h5 Nh8 23. Kg2 Nf7 24. f4 Qe8 25. Qd3 Nd8 26. Rh1 Nc6 27. Bc1 Na7 28. Nb3 Na4 29. Nxa4 Qxa4 30. Nc5 Bxc5 31. dxc5 Qb5 32. Qd1 a5 33. Bd3 Qc6 34. Be2 axb4 35. axb4 b6 36. Qd3 bxc5 37. bxc5 Rb8 38. Ba3 Rb7 39. Rc1 Rfb8 40. Qd4 Rb3 41. Qe5 R8b7 42. Rc3 Kh7 43. g4 Rxc3 44. Qxc3 d4+ 45. Bf3 Qxf3+ 46. Kxf3 dxc3 0-1

[Event "Romanian Team Rapid Open 2022"]
[Site "Sebes"]
[Date "2022.12.03"]
[Round "3.30"]
[White "Denes, Attila-Norbert"]
[Black "Buzgaru, Gabriel"]
[Result "*"]
[WhiteElo "1755"]
[BlackElo "1864"]
[Annotator "NA COMBH"]
[PlyCount "44"]
[EventDate "2022.12.03"]
[EventType "rapid"]
[EventCountry "ROU"]
[SourceTitle "playchess.com"]
[Source "ChessBase"]
[SourceQuality "1"]

1. d4 d5 2. Nf3 Nf6 3. g3 c6 4. Bg2 Bf5 5. O-O h6 6. c4 e6 7. cxd5 cxd5 8. Nc3 Nc6 9. a3 Bd6 10. b4 O-O 11. Nb5 Bb8 12. Bb2 Nd7 13. e3 Nb6 14. Nd2 Bd3 15. Nc3 Bxf1 16. Bxf1 a6 17. Rc1 Bd6 18. Bd3 Rc8 19. Bb1 Ne7 20. Qc2 Ng6 21. h4 f5 22. h5 Nh8 *

[Event "Romanian Team Rapid Open 2022"]
[Site "Sebes"]
[Date "2022.12.03"]
[Round "3.31"]
[White "Dumitrascu, Daniel"]
[Black "Chereches, Marius-Calin"]
[Result "*"]
[WhiteElo "1694"]
[BlackElo "1472"]
[Annotator "NA COMBH"]
[PlyCount "59"]
[EventDate "2022.12.03"]
[EventType "rapid"]
[EventCountry "ROU"]
[SourceTitle "playchess.com"]
[Source "ChessBase"]
[SourceQuality "1"]

1. e4 e6 2. d4 b6 3. Bd3 Bb7 4. Nf3 Nf6 5. O-O Be7 6. h3 d6 7. c4 Bxe4 8. Nc3 Bxd3 9. Qxd3 Nbd7 10. Re1 O-O 11. Ng5 c5 12. d5 e5 13. f4 h6 14. Nge4 Nxe4 15. Nxe4 f5 16. Ng3 e4 17. Qe2 Bh4 18. Qe3 Nf6 19. Re2 Qd7 20. b3 b5 21. cxb5 Nxd5 22. Qd2 Nf6 23. Nf1 d5 24. g3 d4 25. gxh4 Qxb5 26. Rg2 Nd5 27. Rg6 Rf7 28. Qg2 Kh7 29. Rd6 Nf6 30. h5 *

[Event "Romanian Team Rapid Open 2022"]
[Site "Sebes"]
[Date "2022.12.03"]
[Round "3.31"]
[White "Chereches, Marius-Calin"]
[Black "Buzgaru, Gabriel"]
[Result "1/2-1/2"]
[WhiteElo "1472"]
[BlackElo "1864"]
[Annotator "NA COMBH"]
[PlyCount "86"]
[EventDate "2022.12.03"]
[EventType "rapid"]
[EventCountry "ROU"]
[SourceTitle "playchess.com"]
[Source "ChessBase"]
[SourceQuality "1"]

1. e4 e6 2. d4 b6 3. Bd3 Bb7 4. Nf3 Nf6 5. O-O Be7 6. h3 d6 7. c4 Bxe4 8. Nc3 Bxd3 9. Qxd3 Nbd7 10. Re1 O-O 11. Ng5 c5 12. d5 e5 13. f4 h6 14. Nge4 Nxe4 15. Nxe4 f5 16. Ng3 e4 17. Qe2 Bh4 18. Qe3 Nf6 19. Re2 Qd7 20. b3 b5 21. cxb5 Nxd5 22. Qd2 Nf6 23. Nf1 d5 24. g3 d4 25. gxh4 Qxb5 26. Rg2 Nd5 27. Rg6 Rf7 28. Qg2 Kh7 29. Rd6 Nf6 30. h5 Re8 31. Qg6+ Kg8 32. Ng3 Qd3 33. Nxf5 Qd1+ 34. Kh2 Qe2+ 35. Kg3 Nxh5+ 36. Kh4 Rxf5 37. Qxf5 Nf6 38. Rxf6 Qf2+ 39. Kh5 gxf6 40. Qg6+ Kf8 41. Qxf6+ Kg8 42. Be3 dxe3 43. Qg6+ Kf8 1/2-1/2

[Event "Romanian Team Rapid Open 2022"]
[Site "Sebes"]
[Date "2022.12.03"]
[Round "3.32"]
[White "Serban, Cristian-Stefan"]
[Black "Carac, Radu-Ionut"]
[Result "1-0"]
[WhiteElo "2131"]
[BlackElo "1569"]
[Annotator "TA"]
[PlyCount "45"]
[EventDate "2022.12.03"]
[EventType "rapid"]
[EventCountry "ROU"]
[SourceTitle "playchess.com"]
[Source "ChessBase"]
[SourceQuality "1"]

{[%evp 9,44,53,88,79,104,89,94,39,55,40,90,60,151,145,146,127,116,114,171,108,122,119,113,54,571,563,572,575,661,660,625,638,711,689,699,698,29999]} 1. d4 d5 2. c4 dxc4 3. e3 Bf5 4. Bxc4 e6 5. Nc3 Bb4 {[#]} 6. a3 $146 {D20: Queen's Gambit Accepted: 3 e3 and 3 e4.} ({Predecessor:} 6. Nf3 Nc6 7. O-O Bd6 8. Bd3 Bg4 9. h3 Bh5 10. Ne4 Nge7 11. Nxd6+ Qxd6 12. a3 {1-0 (32) Alvarado Navarro,D (1409)-Rodriguez Portilla,A Chess.com INT 2020}) 6... Ba5 {[%cal Oc7c5]} 7. b4 {[#] Strongly threatening Qa4+.} Bb6 8. Bb2 (8. Nge2 $16) 8... Nf6 9. Nf3 Nc6 ({Black should try} 9... Nbd7 $14) 10. Bb5 Qd7 (10... O-O $14) 11. Ne5 $16 Qd6 12. Bxc6+ bxc6 13. Rc1 $36 {[%mdl 2048] White is on the roll.} Nd7 (13... O-O $16) 14. Nc4 (14. Qf3 $18) 14... Qe7 15. Qf3 O-O 16. O-O {White is more active.} (16. Qxc6 $16 a5 17. bxa5 Bxa5 18. e4) 16... e5 $2 {[%mdl 8192] This costs Black the game.} 17. Qxf5 $18 exd4 18. exd4 Bxd4 19. Rcd1 Bxc3 20. Rxd7 Qh4 21. Bxc3 Qxc4 22. Qe5 {[%csl Gc3][%cal Re5g7] [#]} Rfe8 23. Qxg7# {Weighted Error Value: White=0.15 (very precise) /Black=0.96} 1-0

[Event "Romanian Team Rapid Open 2022"]
[Site "Sebes"]
[Date "2022.12.03"]
[Round "3.32"]
[White "Burja-Udrea, Razvan-Andrei"]
[Black "Saioc, David"]
[Result "1-0"]
[WhiteElo "1365"]
[BlackElo "2026"]
[Annotator "TA"]
[PlyCount "45"]
[EventDate "2022.12.03"]
[EventType "rapid"]
[EventCountry "ROU"]
[SourceTitle "playchess.com"]
[Source "ChessBase"]
[SourceQuality "1"]

{[%evp 9,36,35,87,79,110,91,93,47,72,51,96,66,143,143,141,141,129,87,166,119,108,114,125,87,571,551,570,564,589]} 1. d4 d5 2. c4 dxc4 3. e3 Bf5 4. Bxc4 e6 5. Nc3 Bb4 (5... Nf6 $14) 6. a3 $16 {D20: Queen's Gambit Accepted: 3 e3 and 3 e4.} Ba5 {[%cal Oc7c5]} 7. b4 Bb6 8. Bb2 (8. Na4 $16) 8... Nf6 9. Nf3 Nc6 10. Bb5 Qd7 (10... O-O $14) 11. Ne5 Qd6 12. Bxc6+ bxc6 13. Rc1 $36 {[%mdl 2048] White is really pushing.} Nd7 {[#]} (13... O-O $16 {keeps fighting.}) 14. Nc4 {Pair of Knights!} ({White should play} 14. Qf3 $1 $18) 14... Qe7 15. Qf3 O-O 16. O-O {White is more active.} e5 $2 {[%mdl 8192]} 17. Qxf5 $18 exd4 18. exd4 Bxd4 {[#]   Weighted Error Value: White=0.21 (precise) /Black=0.75} {Predecessor:} 19. Rcd1 $146 Bxc3 20. Rxd7 Qh4 21. Bxc3 Qxc4 22. Qe5 Rfe8 23. Qxg7# {1-0 (23) Carac,R (1569)-Serban,S (1021) Sebes 2022} 1-0

[Event "Romanian Team Rapid Open 2022"]
[Site "Sebes"]
[Date "2022.12.03"]
[Round "4.1"]
[White "Miron, Lucian-Costin"]
[Black "David, Alexandru-Vasile"]
[Result "1/2-1/2"]
[WhiteElo "2510"]
[BlackElo "2404"]
[Annotator "TA"]
[PlyCount "59"]
[EventDate "2022.12.03"]
[EventType "rapid"]
[EventCountry "ROU"]
[SourceTitle "playchess.com"]
[Source "ChessBase"]
[SourceQuality "1"]

{[%evp 14,59,-11,-6,-13,-7,-5,-8,2,11,4,16,4,7,0,0,20,9,19,0,0,0,6,8,0,0,39,22,45,66,66,69,70,70,156,67,44,52,59,44,45,42,45,38,33,19,45,0]} 1. Nf3 c5 2. g3 Nc6 3. Bg2 g6 4. c4 Bg7 5. O-O e6 6. Nc3 Nge7 7. b3 O-O 8. Bb2 b6 {A37: Symmetrical English vs ...g6: 4 Bg2 Bg7 5 Nf3.} 9. Na4 Bxb2 10. Nxb2 Bb7 {The position is equal.} 11. d4 Nxd4 12. Nxd4 Bxg2 13. Kxg2 {[#] Nf3 is the strong threat.} cxd4 14. Qxd4 {[#]} Qc7 $146 ({Predecessor:} 14... d5 15. Rfd1 dxc4 16. Nxc4 Qxd4 17. Rxd4 Rfd8 18. Rad1 Nc6 19. Rd6 b5 20. Ne3 Rxd6 21. Rxd6 {½-½ (112) Novikov,S (2528)-Bezemer,A (2278) Amsterdam 2016}) 15. Rfd1 Rad8 16. Qd6 Qb7+ 17. Kg1 Nf5 18. Qf4 d6 19. Nd3 Ng7 20. Nb4 Qc7 21. Rd2 Qc5 22. Nd3 Qh5 23. Rad1 g5 ({Black should play} 23... Rd7 $14) 24. Qf3 (24. Qf6 $16) 24... Qxf3 $14 25. exf3 Rc8 26. Nb4 Ne8 27. Re1 Kg7 28. Nc2 Rc5 29. Kg2 h6 30. Nd4 {Weighted Error Value: White=0.10 (very precise) /Black=0.11 (very precise)} 1/2-1/2